000 00639nam a2200241Ia 4500
003 OSt
005 20220928135358.0
006 a|||||r|||| 00| 0
007 ta
008 220927b |||||||| |||| 00| 0 eng d
024 _a1662
037 _cTextual
040 _aSDCL
_cSDCL
_beng
041 _2eng
_aeng
082 _aX:51, N0
100 _aSchoell William F
_9490179
245 0 _aMarketing
_b Contemporary concepts and practices
250 _a4
260 _c1990
700 _a Guiltinan Joseph P
_9490180
942 _hX:51, N0
_cTEXL
_2CC
999 _c805474
_d805474